Normal view
MARC view
Entry Personal Name
001 - CONTROL NUMBER
- control field: 71920
003 - CONTROL NUMBER IDENTIFIER
- control field: dpl
005 - DATE AND TIME OF LATEST TRANSACTION
- control field: 20240924143248.0
008 - FIXED-LENGTH DATA ELEMENTS
- fixed length control field: 240924|| aca||aabn | a|a d
040 ## - CATALOGING SOURCE
- Original cataloging agency: dpl
- Transcribing agency: dpl
100 ## - HEADING--PERSONAL NAME
- Personal name: Verma, Nirav
670 ## - SOURCE DATA FOUND
- Source citation: Work cat.: (dpl)205440: Verma, Nirav, Did You Hug Your Child Today?:, 2014
